Perang paderi di Sumatera Barat (1803-1838). (Record no. 55463)
[ view plain ]
| 000 -LEADER | |
|---|---|
| fixed length control field | 00766cam a22002531 4500 |
| 001 - CONTROL NUMBER | |
| control field | sa 63004092 |
| 003 - CONTROL NUMBER IDENTIFIER | |
| control field | DLC |
| 005 - DATE AND TIME OF LATEST TRANSACTION | |
| control field | 20260227111946.0 |
| 008 - FIXED-LENGTH DATA ELEMENTS--GENERAL INFORMATION | |
| fixed length control field | 861008s1954 io b f000 1 ind |
| 010 ## - LIBRARY OF CONGRESS CONTROL NUMBER | |
| LC control number | sa 63004092 |
| 035 ## - SYSTEM CONTROL NUMBER | |
| System control number | (OCoLC)14363783 |
| 040 ## - CATALOGING SOURCE | |
| Original cataloging agency | DLC |
| Transcribing agency | IDeKN |
| Modifying agency | DLC |
| 042 ## - AUTHENTICATION CODE | |
| Authentication code | premarc |
| 043 ## - GEOGRAPHIC AREA CODE | |
| Geographic area code | a-io--- |
| 050 00 - LIBRARY OF CONGRESS CALL NUMBER | |
| Classification number | DS646.15.S76 |
| Item number | R3 1954 |
| 100 1# - MAIN ENTRY--PERSONAL NAME | |
| Personal name | Radjab, Muhamad. |
| 245 10 - TITLE STATEMENT | |
| Title | Perang paderi di Sumatera Barat (1803-1838). |
| 260 ## - PUBLICATION, DISTRIBUTION, ETC. | |
| Place of publication, distribution, etc. | [Djakarta] : |
| Name of publisher, distributor, etc. | Perpustakaan Perguruan Kementerian P. P. dan K., |
| Date of publication, distribution, etc. | 1954. |
| 300 ## - PHYSICAL DESCRIPTION | |
| Extent | 432 p. : |
| Other physical details | maps. ; |
| Dimensions | 21 cm. |
| 500 ## - GENERAL NOTE | |
| General note | Novel. |
| 504 ## - BIBLIOGRAPHY, ETC. NOTE | |
| Bibliography, etc. note | Bibliography: p. [431]-432. |
| 651 #0 - SUBJECT ADDED ENTRY--GEOGRAPHIC NAME | |
| Geographic name | Indonesia |
| General subdivision | History |
| Chronological subdivision | Padri War, 1803-1838. |
| 651 #0 - SUBJECT ADDED ENTRY--GEOGRAPHIC NAME | |
| Geographic name | Sumatera Barat (Indonesia) |
| General subdivision | History |
| Form subdivision | Fiction. |
No items available.